REPO - Monsters with Pictures - Statistics

General Stats
  • This quiz has been taken 35 times
  • The average score is 14 of 19
Answer Stats
Picture Answer % Correct
Clown
100%
Gnome
88%
Apex Predator
79%
Chef
79%
Huntsman
79%
Animal
75%
Mentalist
75%
Robe
75%
Bowtie
71%
Hidden
71%
Reaper
71%
Shadow Child
71%
Headman
67%
Spewer
67%
Upscream
67%
Peeper
63%
Trudge
63%
Rugrat
58%
Banger
46%
No matching quizzes found
Score Distribution
Percent of People with Each Score
Percentile by Number Answered
Your Score History
You have not taken this quiz